Statistics for Most UEFA Champions League Appearances

Click here to take the quiz!

General Stats

  • This quiz has been taken 145 times
  • The average score is 17 of 30

Answer Stats

AppearancesFootball Team% Correct
46Real Madrid
99%
28Barcelona
98%
28Manchester United
96%
24A.C Milan
93%
34Bayern Munich
93%
24Liverpool
93%
34Juventus
91%
37Ajax
87%
40Benfica
81%
29Porto
80%
26PSV Eindhoven
76%
32Celtic
71%
29Rangers
60%
26Galatasaray
54%
32Olympiacos
54%
23Sporting CB
53%
32Anderlecht
49%
27Red Star Belgrade
43%
24Fenerbahçe
40%
24Panathinaikos
40%
21Club Brugge
30%
39Dynamo Kiev
30%
22Shakhtar Donetsk
29%
21Partizan
28%
22Dinamo Zagreb
23%
23Rosenborg
22%
24CSKA Sofia
16%
26Steaua Bucharest
15%
27Linfield
8%
24Sparta Praha
6%

Score Distribution

Percentile by Number Answered

Percent of People with Each Score

Your Score History

You have not taken this quiz